00237nam a2200097Ia 4500008004100000100002200041245003000063260002200093942000700115999001700122190216s9999||||xx |||||||||||||| ||und|| aPrabhakara Varier 0aMalayala Bhasha Paadangal bKerala Basha Inst cBK c37679d37679